|
|
|
|
| LEADER |
01337cam a22002891 4500 |
| 001 |
1699008 |
| 003 |
GR-PaULI |
| 005 |
20220505111344.0 |
| 008 |
740514s1967 nyuabcf b 001 0 eng |
| 952 |
|
|
|0 0
|1 0
|2 ddc
|4 0
|6 930_100000000000000_CER
|7 0
|9 359570
|a LISP
|b LISP
|c DON
|d 2022-05-05
|e ΠΑΤ
|i 253081
|l 0
|o 930.1 CER
|p 025000285902
|r 2022-05-05 00:00:00
|t 1
|w 2022-05-05
|y BKN
|
| 999 |
|
|
|c 210172
|d 210172
|
| 020 |
|
|
|a 0140217568
|
| 040 |
|
|
|a DLC
|c GR-PaULI
|d GR-PaULI
|b gre
|e AACR2
|
| 041 |
1 |
|
|a eng
|h ger
|
| 082 |
0 |
0 |
|a 930.1
|2 23
|
| 100 |
1 |
|
|a Ceram, C. W.,
|d 1915-1972
|9 32524
|e συγγραφέας.
|
| 245 |
1 |
0 |
|a Gods, graves, and scholars :
|b the story of archaeology /
|c by C. W. Ceram ; translated from the German by E. B. Garside and Sophie Wilkins.
|
| 260 |
|
|
|a Harmondworth,
|b Penguin Books,
|c 1967.
|
| 300 |
|
|
|a xvi, 473, [30] σ. :
|b εικ. ;
|c 20 εκ.
|
| 500 |
|
|
|a Τίτλος πρωτοτύπου :Götter, Gräber, und Gelehrte.
|
| 504 |
|
|
|a Περιλαμβάνει βιβλιογραφία και ευρετήριο.
|
| 650 |
|
4 |
|a Αρχαιολογία
|x Ιστορία.
|9 12590
|
| 700 |
|
|
|9 32525
|a Garside, E. B.
|e μεταφραστής.
|
| 700 |
1 |
|
|9 191617
|a Wilkins, Sophie
|e μεταφραστής.
|
| 765 |
|
|
|i Μετάφραση του:
|t Götter, Gräber, und Gelehrte.
|
| 942 |
|
|
|2 ddc
|c BKN
|
| 998 |
|
|
|c ΜΠΟΥΡΑΣ
|d 2022-05
|